| 000 | 01702cam a22004334i 4500 | ||
|---|---|---|---|
| 003 | PE-LiUPU | ||
| 005 | 20250731173127.0 | ||
| 008 | 150623s r 000 0 d | ||
| 035 | _a(Sirsi) a26025 | ||
| 040 |
_aPE-LiUPU _bspa _cPE-LiUPU _erda |
||
| 082 | 0 | 4 |
_a220.66 _bA75 _221 |
| 100 | 1 |
_aArndt, William, _d1880-1957, _eautor. |
|
| 245 | 1 | 0 |
_aDoes the Bible contradict itself? : _ba discussion of alleged contradictions in the Bible / _cWilliam Arndt. |
| 250 | _a5a | ||
| 264 | 1 |
_aSt. Louis, MO : _bConcordia Publishing House, _c1955. |
|
| 300 |
_a173 páginas ; _c19 cm. |
||
| 336 |
_atext _2rdacontent |
||
| 337 |
_aunmediated _2rdamedia |
||
| 338 |
_avolume _2rdacarrier |
||
| 505 | 0 | _aIntroductory considerations. Passages of a historical nature from the Old Testament. Passages of a historical nature from the New Testament. Passages of a doctrinal nature from the Old Testament. Passages of a doctrinal nature from the New Testament. | |
| 526 | _aSEG42 | ||
| 526 | _aSEG41 | ||
| 526 | _aSEG40 | ||
| 526 | _aSEG39 | ||
| 526 | _aP94 | ||
| 526 | _aP87 | ||
| 526 | _aP86 | ||
| 526 | _aP85 | ||
| 526 | _aP77 | ||
| 526 | _aP76 | ||
| 526 | _aP35 | ||
| 630 |
_aBiblia _xCrítica e Interpretación, etc. |
||
| 630 |
_aBiblia _xAutoridad, testimonios, etc. |
||
| 942 |
_2ddc _cBOOK |
||
| 949 |
_a220.66 A75 _wDEWEY _c1 _i51299 _lCCODEBUL1 _mBUL _p8.00 _r0 _sY _tBOOK _u2015-06-24 _xTEOLOGIA _PP35 _0COMPRA _o.STAFF. Colección General |
||
| 596 | _a1 | ||
| 999 |
_a220.66 A75 _wDEWEY _c33012 _i51299 _f2021-11-9 _g5 _lCCODEBUL1 _mBUL _p8.00 _r0 _sY _tBOOK _u2015-6-24 _xTEOLOGIA _PP35 _0COMPRA _o.STAFF. Colección General _d33012 |
||
| 980 |
_81 _gALBERTO SANCHEZ Responsable de Automatización |
||